000 01125nam0a22003251 4500
001 v19\rc\1821364
005 20260406144415.0
035 _a(NLR Aleph) 004919163
090 _a5559447
_c5559447
100 _a20071224d1907 |||y0rusy50 ca
101 0 _arus
102 _aRU
105 _ay b |||||
200 1 _aК бытовой истории Эрмитажного театра императрицы Екатерины II
_fК.В. Покровский
210 _aМосква
_cтип. Штаба Моск. воен. окр.
_d1907
215 _a[2], 17 с.
_d28
700 1 _aПокровский
_bК.В.
_f1880-
_gКонстантин Васильевич
712 0 2 _aИмператорский эрмитажный театр
_cПетербург
_3RU\NLR\AUTH\889923749
_9343431
801 0 _aRU
_bNLR
_gpsbo
801 0 _aRU
_bRuMoRGB
_2psbo
801 1 _aRU
_bProSoft-M
_2rusmarc
852 _aNLR
_j18.335.1.294
852 _aNLR
_j132/4426
899 _aRuMoRGB
_jR 330/609
899 _aRuMoRGB
_jU 24/966
899 _aБАН
899 _aГПИБ
899 _aНБ МГУ
942 _cBOOK
980 _aNB